000 00975nam a2200277 i 4500
001 bg
100 1 _aDydenko, Jerzy.
245 1 0 _aPrawo użytkowania wieczystego :
_b(problemy przekształceń i wyceny) /
_cJerzy Dydenko, Józef Hernik, Elżbieta Kijania.
260 _aOlsztyn :
_bEducaterra,
_c2004.
300 _a84 s. :
_bil. ;
_c24 cm.
490 1 _aPoradnik : nieruchomości ;
_v3/2004
650 9 _aNieruchomości
_xprawo
_zPolska
_ystan na 2004 r.
650 9 _aUżytkowanie wieczyste
_xprawo
_zPolska
_ystan na 2004 r.
650 9 _aWłasność
_xprawo
_zPolska
_ystan na 2004 r.
700 1 _aHernik, Józef.
700 1 _aKijania, Elżbieta.
020 _a8388999079
040 _cBPK
041 _apol
044 _aPOL
080 _a347.2(438)
920 _a83-88999-07-9
942 _cKS
008 s pl f |000 0 pol
999 _c56065
_d56065
856 _uhttp://koha.tu.koszalin.pl/cgi-bin/koha/opac-detail.pl?biblionumber=56065
_yKatalog online BPK